| 000 | 01599nam a22004457a 4500 | ||
|---|---|---|---|
| 001 | 000105696 | ||
| 003 | CHAP | ||
| 005 | 20220817044459.0 | ||
| 008 | 110921s2010 mx r 00010 spa d | ||
| 010 | _a102158 | ||
| 011 | _a103130 | ||
| 035 | _a113819 | ||
| 040 | _cCHAP | ||
| 090 | _aTesis | ||
| 100 | 1 |
_aArmenta Rosas, Yanet _97193 |
|
| 245 | 1 | 0 |
_aEvaluación de diferentes niveles de cloruro de colina sobre la respuesta productiva de pollos de engorda / _c/por Yanet Armenta Rosas. |
| 260 |
_aCocula, Gro. : _bEl autor, _c2010. |
||
| 300 |
_aiv, 49 h. : _bilus. |
||
| 502 | _aTesis (Ing. Agr. Zootecnista) -- CSAEGRO. Centro de Estudios Profesionales | ||
| 590 |
_aALEPH _b10 _c20130110 _lUCH01 _h1542 |
||
| 590 |
_aBATCH-UPD _b10 _c20130110 _lUCH01 _h1558 |
||
| 590 |
_aBATCH-UPD _b10 _c20130410 _lUCH01 _h0955 |
||
| 590 |
_aBATCH-UPD _b10 _c20130914 _lUCH01 _h0359 |
||
| 590 |
_aBATCH-UPD _b10 _c20140324 _lUCH01 _h1527 |
||
| 590 |
_aBATCH-UPD _b10 _c20141002 _lUCH01 _h0851 |
||
| 590 |
_aBATCH _b00 _c20181121 _lUCH01 _h0758 |
||
| 590 |
_aCONVERSION _b10 _c20130109 _lUCH01 _h1356 |
||
| 590 |
_aE11695DGD _b10 _c20150721 _lUCH01 _h1000 |
||
| 590 |
_aE12093SGE _b10 _c20130718 _lUCH01 _h1024 |
||
| 650 | 1 | 4 |
_aAves de corral _xProducción. _98677 |
| 650 | 1 | 4 |
_aCloruro de colina. _923906 |
| 650 | 1 | 4 |
_aPollos _xAlimentación. _990268 |
| 650 | 1 | 4 |
_aPollos _xEngorda. |
| 856 |
_3Finding aid _uhttp://10.13.5.2/tesis/113819.pdf _zTeclea aquí |
||
| 856 |
_a1 _n0000538 |
||
| 901 | _aBK | ||
| 942 | _cTESIS | ||
| 942 | _n0 | ||
| 949 |
_aTesis _bBC _cTES _d33724002303967 _eTS1 _gDonaciØn _h52799 _i113819 _sb |
||
| 999 |
_c102158 _d102158 |
||